01504nam a2200325 a 450000100100000000500170001000800410002702000180006804000250008608200150011110000270012624501650015326000390031830000210035749000270037859000260040565000260043165000220045765000260047965000220050570000400052770000400056783000340060791000420064195201260068395201260080995201110093595201170104699900150116300000568420200929151739.0090821s2009 dr 000 0 spa d z9789945460186 aDO-SdBNPbspacBNPHU a133bG324i1 aGenao, P. Julio91606110aIglesia, supersticiones e influencias satánicas :bayudas pastorales /cJulio Genao, Nerys B. Paulino de Bonilla ; presentación Juan Antonio Flores Santana. aSanto Domingo :bSantuario,c2009. a140 p. ;c22 cm.1 aFormación católica aInventariado, 2018/LP 4aSuperstición916062 4aBrujería910917 4aEncantamientos916063 4aSantería9160641 aPaulino de Bonilla, Nerys B.9160651 aFlores Santana, Juan Antonio916066 0aFormación Católica916067 aValidado. Control de calidad. MMOLINA 001054708DSaGRbGRcHDd2009-08-21iLF1l0o133 G324p5684-30r2020-06-25te. 3w2020-06-25yLFDSZPréstamo en sala 001054708DSaGRbGRcHDd2010-09-01iLF1l0o133 G324p5684-40r2020-06-25te. 4w2020-06-25yLFDSZPréstamo en sala 0010718PDaPDbPDcHDd2009-08-21iLF1l0o133 G324p5684-10r2020-06-25w2020-06-25yLFPDZNo se presta 0010718PDaPDbPDcHDd2009-08-21iLF1l0o133 G324p5684-20r2020-06-25te. 2w2020-06-25yLFPDZNo se presta c5481d5481